000 00349 a2200145 4500
001 170901
020 _a
040 _cMagnum
100 _aMarques, Cristina, Rhod, Angela
240 1 0 _aNo reino da frutolandia; tato abacate
_lpor
245 1 0 _aNo reino da frutolandia; tato abacate
362 0 _a1899
697 _aI/PARADIDATICO
942 _cBK
999 _c170901
_d170901